| 000 | 01132nam a2200265 a 4500 | ||
|---|---|---|---|
| 001 | 52 | ||
| 003 | BD-RjUL | ||
| 005 | 20211208233112.0 | ||
| 008 | 131109s2005 bg ad | b||| 001 0 ben d | ||
| 020 |
_a9846060114 _c: Tk.250.00 |
||
| 035 | _a(BD-RjUL)57 | ||
| 040 |
_aBD-RjUL _bben _cBD-RjUL |
||
| 041 | _aben | ||
| 082 | 0 | 4 |
_223 _a954.924 _bRAE 2005 |
| 100 | 1 |
_aরহমান, মো. মাহবুবর _9165 |
|
| 245 | 1 | 0 |
_aএকাত্তরে গাইবান্ধা / _cমো. মাহবুবর রহমান |
| 260 |
_aঢাকা : _bবাংলাদেশ চর্চা , _c২০০৫. |
||
| 300 |
_a২৭৯ পৃ. : _bচিত্র, ; _c২৩ সেমি. |
||
| 490 |
_aবাংলাদেশ চর্চা ; _v১২ |
||
| 504 | _aগ্রন্থপঞ্জী ও নির্ঘন্ট সংযুক্ত. | ||
| 651 |
_aবাংলাদেশ _zগাইবান্ধা _xইতিহাস _y১৯৭১ _9236376 |
||
| 651 |
_aBangladesh _zGaibandha _xHistory _y1971 _9236377 |
||
| 830 |
_aবাংলাদেশ চর্চা ; _v১২ _9163456 |
||
| 942 |
_2ddc _cBK |
||
| 999 |
_c52 _d52 |
||